000 00491nam a2200193Ia 4500
005 20260429111839.0
008 260429s9999||||xx |||||||||||||| ||und||
020 _a9789384726706
041 _aEnglish
082 _a531
_bJAI
100 _aJain, Vimal Kumar
245 0 _aClassical mechanics /
_cVimal Kumar Jain
250 _a1st ed.
260 _aNew Delhi :
_bAne Books,
_c2025.
300 _axii, 284 p.; hb
650 _a Classical mechanics
650 _aPhysics
942 _cTB
999 _c51139
_d51139